Catálogo

Vista normal Vista MARC

Entrada Personal Name

Número de registros utilizados en: 1

001 - CONTROL NUMBER

  • control field: 17122

003 - CONTROL NUMBER IDENTIFIER

  • control field: DLC

005 - DATE AND TIME OF LATEST TRANSACTION

  • control field: 20250602112902.0

008 - FIXED-LENGTH DATA ELEMENTS

  • fixed length control field: 131216n| azannaabn |a aaa c

010 ## - LIBRARY OF CONGRESS CONTROL NUMBER

  • LC control number: ns2013004367

035 ## - SYSTEM CONTROL NUMBER

  • System control number: (CaEvSKY)skya10356794

040 ## - CATALOGING SOURCE

  • Original cataloging agency: MX-CmFLC
  • Language of cataloging: spa
  • Description conventions: rda
  • Transcribing agency: Mx-PuUPA
  • Modifying agency: DLC
  • Modifying agency: Mx-PuUPA

100 1# - HEADING--PERSONAL NAME

  • Personal name: Mondragón Quintana, Juan Carlos,

370 ## - ASSOCIATED PLACE

  • Other associated place: Ciudad de México (México)
  • Source of term: naf

372 ## - FIELD OF ACTIVITY

  • Field of activity: Ciencias políticas
  • Source of term: lcsh

373 ## - ASSOCIATED GROUP

  • Associated group: FLACSO (Organization). Sede Académica de México
  • Source of term: naf

374 ## - OCCUPATION

  • Occupation: Autor

375 ## - GENDER

  • Gender: hombre

377 ## - ASSOCIATED LANGUAGE

  • Language code: spa

400 1# - SEE FROM TRACING--PERSONAL NAME

  • Personal name: Quintana, Juan Carlos Mondragón

400 1# - SEE FROM TRACING--PERSONAL NAME

  • Personal name: Mondragón, Juan Carlos
  • Fuller form of name: (Mondragón Quintana)

670 ## - SOURCE DATA FOUND

  • Source citation: Financiamiento de partidos, rendición de cuentas y corrupción..., 2013:
  • Information found: title page (Juan Carlos Mondragón Quintana)

670 ## - SOURCE DATA FOUND

  • Source citation: Financiamiento de partidos, rendición de cuentas y corrupción en México, 2014:
  • Information found: t.p. (Juan Carlos Mondragón Quintana) spine (Juan Carlos Mondragón) p. facing t.p., etc. (master's in comparative public policies, FLACSO México)